[Event "5th Sabadell Open A"]
[Site "Sabadell ESP"]
[Date "2012.09.01"]
[Round "3.7"]
[White "Lorenzo de la Riva,L"]
[Black "Salagran Ferragut,G"]
[Result "1-0"]
[WhiteElo "2444"]
[BlackElo "1899"]

1.d4 Nf6 2.Bg5 Ne4 3.Bf4 c5 4.f3 Nf6 5.d5 d6 6.e4 g6 7.c4 b5 8.cxb5 a6 9.Na3 Bg7
10.Qd2 O-O 11.Ne2 axb5 12.Nxb5 Na6 13.Nec3 Nc7 14.a4 Nxb5 15.Bxb5 Ba6 16.O-O Nd7
17.Bh6 Nb6 18.Bxg7 Kxg7 19.b3 Nc8 20.Rfb1 Qb6 21.a5 Qb7 22.Bc6 Qa7 23.Bxa8 Qxa8
24.b4 cxb4 25.Qd4+ Kg8 26.Rxb4 Na7 27.Rab1 Nc8 28.Rb8 Qa7 29.Qxa7 Nxa7 30.Rxf8+ Kxf8
31.Rb8+ Kg7 32.Ra8 Nb5 33.Nxb5 Bxb5 34.a6  1-0

[Event "14th Trieste Open A"]
[Site "Trieste ITA"]
[Date "2012.09.02"]
[Round "3"]
[White "Drazic,S"]
[Black "Manca,F"]
[Result "1/2-1/2"]
[WhiteElo "2511"]
[BlackElo "2421"]

1.d4 Nf6 2.Bg5 Ne4 3.Bf4 c5 4.f3 Qa5+ 5.Nd2 Nf6 6.c3 cxd4 7.Nb3 Qf5 8.Bxb8 Rxb8
9.Qxd4 b6 10.e4 Qf4 11.Ne2 Qc7 12.e5 Ng8 13.f4 e6 14.O-O-O Bc5 15.Nxc5 bxc5
16.Qd6 Qxd6 17.Rxd6 f6 18.Ng3 fxe5 19.fxe5 Nh6 20.Ne4 Nf7 21.Rd2 Nxe5 22.Nxc5 Ke7
23.Nd3 Nc4 24.Rf2 d6 25.b3 Nb6 26.Be2 e5 27.Nb4 Bb7 28.Rhf1 Rhf8 29.Rxf8 Rxf8
30.Rxf8 Kxf8 31.g3 Ke7 32.Kd2 Ke6 33.c4 Nd7 34.Bg4+ Ke7 35.Bxd7 Kxd7 36.Nc2 Ke6
37.Ne3 Bc6 38.Kc3 Bb7 39.b4 d5 40.cxd5+ Bxd5 41.a4 Be4 42.b5 Kd6 43.Kb4 Bb7
44.a5 g6 45.a6 Bf3 46.Nc4+ Kd5 47.Na5 Kd6 48.Nc4+ Kd5 49.Kc3 Kc5 50.b6 axb6
51.Nxe5 Bg2 52.Nd7+ Kc6 53.Nf8 Kb5 54.a7 Ka6 55.Nxh7 Kxa7 56.Kd4 Bh3 57.Ng5 Bf5
58.h3 Kb7 59.g4 Bb1 60.h4 Kc6 61.Ne4 Bxe4 62.Kxe4  1/2-1/2

[Event "40th Olympiad Women"]
[Site "Istanbul TUR"]
[Date "2012.09.04"]
[Round "7.46"]
[White "Vargas,Ga"]
[Black "Antonova,N"]
[Result "1-0"]
[WhiteElo "2050"]
[BlackElo "1909"]

1.d4 Nf6 2.Bg5 Ne4 3.Bf4 c5 4.f3 Qa5+ 5.c3 Nf6 6.Nd2 cxd4 7.Nb3 Qb6 8.Qxd4 Nc6
9.Qxb6 axb6 10.Nd4 e5 11.Nxc6 exf4 12.Nd4 d5 13.g3 Bd6 14.Nb5 Be5 15.gxf4 Bxf4
16.e3 Be5 17.Bd3 Bd7 18.Ne2 O-O 19.Kf2 g6 20.Ned4 Bc6 21.f4 Bb8 22.h3 Ne8
23.Rhg1 Ng7 24.b4 Ne8 25.a4 Bc7 26.Ra3 Bd7 27.Bf5 Bc6 28.Bg4 Bd8 29.Bf3 Bf6
30.c4 dxc4 31.Nxc6 bxc6 32.Bxc6 Rd8 33.a5 bxa5 34.bxa5 Nd6 35.a6 Nxb5 36.Bxb5 c3
37.Ra2 Rb8 38.Bc6 Rfc8 39.a7  1-0

[Event "40th Olympiad Women"]
[Site "Istanbul TUR"]
[Date "2012.09.04"]
[Round "7.46"]
[White "Nasriddinzoda,M"]
[Black "Avalos,L"]
[Result "1-0"]
[WhiteElo "2023"]
[BlackElo "1742"]

1.d4 Nf6 2.Bg5 Ne4 3.Bh4 c5 4.f3 g5 5.fxe4 gxh4 6.e3 Qa5+ 7.c3 Qb6 8.b3 e6
9.Nf3 Be7 10.Be2 d6 11.Nbd2 Na6 12.e5 d5 13.O-O Bd7 14.Qe1 O-O-O 15.Nxh4 Rdf8
16.Ndf3 Nb8 17.Kh1 Nc6 18.Rc1 Kb8 19.Bd3 Qd8 20.g3 f5 21.Ng2 Rfg8 22.Nf4 h5
23.h4 Rg7 24.Kh2 Qg8 25.Rg1 Nd8 26.Rg2 Nf7 27.a4 Nh6 28.Kh1 Ng4 29.Rcc2 Qc8
30.c4 Bc6 31.cxd5 exd5 32.Bb5 Rh6 33.Bxc6 Qxc6 34.Qe2 a6 35.Nh2 Nxh2 36.Kxh2 Rg4
37.Qf3 Rh8 38.Qxd5 Qb6 39.dxc5 Qb4 40.Qd2 Qxb3 41.Rb2 Qxa4 42.Qd5 b5 43.cxb6 Rhg8
44.Ra2 Qb5 45.Qe6 Bc5 46.Rab2 Qf1 47.Qc6 R8g7 48.Qxc5 Qe1 49.Qd6+ Ka8 50.b7+ Rxb7
51.Qxa6+  1-0

[Event "5th Sabadell Open A"]
[Site "Sabadell ESP"]
[Date "2012.09.04"]
[Round "6"]
[White "Rojas Keim,L"]
[Black "Colon Garcia,E"]
[Result "1/2-1/2"]
[WhiteElo "2426"]
[BlackElo "2339"]

1.d4 Nf6 2.Bg5 Ne4 3.Bf4 e6 4.Nd2 d5 5.Nxe4 dxe4 6.e3 Bd6 7.Nh3 O-O 8.Qh5 Nd7
9.f3 Nf6 10.Qh4 Bxf4 11.Qxf4 exf3 12.gxf3 e5 13.dxe5 Nd5 14.Qe4 Nxe3 15.Bd3 Qh4+
16.Qxh4 Ng2+ 17.Kf2 Nxh4 18.Nf4 Re8 19.Nd5 Rb8 20.Nxc7 Rxe5 21.Rhe1 Rxe1
22.Rxe1 Bd7 23.Re7 Bc6 24.Bc4 Nxf3 25.b4 Ng5 26.b5 Kf8 27.Re5 Bd7 28.Rxg5 Rc8
29.Ke3 Rxc7 30.Kd4 g6 31.a4 Bf5 32.c3 b6 33.Rg2 Ke7 34.a5 Kd6 35.Bd5 Be6
36.Bc6 f5 37.c4 f4 38.h4 Rf7 39.Bf3 Rf5 40.axb6 axb6 41.Rf2 h6 42.Be4 Rc5
43.Bxg6 Rxc4+ 44.Kd3 Rb4 45.Be8 Bd5 46.Kc3 Rc4+ 47.Kd3 Ra4 48.Rd2 f3 49.h5 Ke5
50.Ke3 Ra3+ 51.Kf2 Be4 52.Bg6 Rb3 53.Bxe4 Kxe4 54.Rd6 Rb2+ 55.Kf1 Rxb5 56.Rxh6 Rb1+
57.Kf2 Rb2+ 58.Kf1 b5 59.Rb6 Ke3 60.Re6+ Kd3 61.Rf6 Rh2 62.Rxf3+ Ke4 63.Rb3 Rxh5
64.Ke1 Rd5 65.Ke2 Ke5 66.Rd3 Rc5 67.Kd2  1/2-1/2

[Event "11th Kesarovski-Stanchev Mem"]
[Site "Sunny Beach BUL"]
[Date "2012.09.04"]
[Round "4.24"]
[White "Moshkov,Valery"]
[Black "Spiridonov,Niko1"]
[Result "1-0"]
[WhiteElo "2089"]
[BlackElo "2234"]

1.d4 Nf6 2.Bg5 Ne4 3.Bf4 d5 4.e3 c5 5.Bd3 Nf6 6.c3 Nc6 7.h3 Qb6 8.Qc1 Bd7
9.Nf3 Rc8 10.O-O g6 11.Nbd2 Bg7 12.Ne5 O-O 13.Ndf3 Rfd8 14.Nxd7 Nxd7 15.Qd2 e5
16.dxe5 Ndxe5 17.Nxe5 Bxe5 18.Bxe5 Nxe5 19.Rfe1 d4 20.exd4 Nxd3 21.Qxd3 cxd4
22.cxd4 Rxd4 23.Qb3 Rb4 24.Qf3 Kg7 25.b3 Rc2 26.Re2 Qd4 27.Rae1 Rc3 28.Re3 Qd2
29.Rxc3 Qxe1+ 30.Kh2 Qe5+ 31.g3 Rb6 32.Qe3 Qf6 33.Rc7 Re6 34.Qxa7 Qf3 35.Qxb7 Qxf2+
36.Qg2 Qf6 37.Rc2 Re3 38.Rf2 Qe5 39.b4 h5 40.h4 Re4 41.Kg1 Rxb4 42.Qf3 f5
43.Qd3 Re4 44.Qd7+ Kh6 45.Qd2+ f4 46.gxf4 Re1+ 47.Kh2 Qa1 48.f5+  1-0

[Event "FSIM Sept 2012"]
[Site "Budapest HUN"]
[Date "2012.09.07"]
[Round "7.4"]
[White "Galyas,M"]
[Black "Petran,Pa"]
[Result "1/2-1/2"]
[WhiteElo "2429"]
[BlackElo "2331"]

1.d4 Nf6 2.Bg5 Ne4 3.Bf4 d5 4.f3 Nf6 5.e4 dxe4 6.Nc3 e3 7.Bxe3 e6 8.Qd2 a6
9.Nge2 b5 10.Nf4 Bb7 11.a3  1/2-1/2

[Event "40th Olympiad Open"]
[Site "Istanbul TUR"]
[Date "2012.09.07"]
[Round "10.55"]
[White "Labeckas,K"]
[Black "Jaiswal,R"]
[Result "1/2-1/2"]
[WhiteElo "2378"]
[BlackElo "1956"]

1.d4 Nf6 2.Bg5 Ne4 3.Bf4 d5 4.e3 Nd7 5.Bd3 Ndf6 6.f3 Nd6 7.g4 e6 8.Ne2 Bd7
9.Nbc3 a6 10.Ng3 Bb5 11.Bxd6 Bxd6 12.Nxb5 axb5 13.Bxb5+ c6 14.Be2 Qb6 15.Qc1 c5
16.c3 cxd4 17.exd4 Qc7 18.Bb5+ Kf8 19.Ne2 Bxh2 20.Kf2 Bd6 21.a4 g6 22.Qh6+ Kg8
23.Rae1 Bf8 24.Qe3 h5 25.Qe5 Qd8 26.g5 Ne8 27.Bxe8 Qxe8 28.Nf4 Qd7 29.Nd3 Bd6
30.Qf6 Qc7 31.Rxe6 fxe6 32.Qxg6+ Kf8 33.Qf6+ Kg8 34.Qxe6+ Kg7 35.Qf6+ Kg8
36.f4 Re8 37.Qg6+ Kf8 38.Qf6+  1/2-1/2

[Event "zt 3.5 China Men 2012"]
[Site "Beijing CHN"]
[Date "2012.09.17"]
[Round "5.9"]
[White "Wang Chen"]
[Black "Lan,Zilun"]
[Result "1-0"]
[WhiteElo "2485"]
[BlackElo "2185"]

1.d4 Nf6 2.Bg5 Ne4 3.Bf4 c5 4.f3 Nf6 5.d5 g6 6.c4 d6 7.Nc3 Bg7 8.Qd2 Na6
9.Bh6 Bxh6 10.Qxh6 Bd7 11.e4 Qa5 12.Qd2 Nc7 13.a4 a6 14.Ra3 Rb8 15.Nge2 Na8
16.Nc1 Qd8 17.a5 O-O 18.Be2 b5 19.axb6 Qxb6 20.Nd3 e5 21.f4 exf4 22.Qxf4 Ne8
23.O-O Rb7 24.Nd1 Bc8 25.Ne3 f6 26.Bg4 Bxg4 27.Qxg4 Rg7 28.h4 Nac7 29.h5 Qb8
30.Rf2 Qd8 31.Nf4 gxh5 32.Qxh5 Rg5 33.Qh4 Ng7 34.Ng4 Qe7 35.Rg3 Nce8 36.Nh6+ Kh8
37.Rxg5  1-0

[Event "DYTM KL Open 2012"]
[Site "Kuala Lumpur MAS"]
[Date "2012.09.19"]
[Round "4.5"]
[White "Duong The Anh"]
[Black "Paragua,M"]
[Result "0-1"]
[WhiteElo "2370"]
[BlackElo "2508"]

1.d4 Nf6 2.Bg5 Ne4 3.Bf4 c5 4.f3 Qa5+ 5.c3 Nf6 6.Nd2 cxd4 7.Nb3 Qd8 8.cxd4 e6
9.a3 Nc6 10.e4 d5 11.e5 Nd7 12.Bd3 a5 13.a4 Bb4+ 14.Kf1 f6 15.exf6 Qxf6 16.Ne2 e5
17.dxe5 Ndxe5 18.Bb5 O-O 19.h4 Qf7 20.Nbd4 Nc4 21.Nxc6 bxc6 22.Bxc4 dxc4
23.Bg3 Bf5 24.Nc3 Rad8 25.Qc1 Bc5 26.Bf2 Qa7 27.Ne4 Bxe4 28.Qxc4+ Rd5  0-1

[Event "TCh-SRB Prem w 2012"]
[Site "Valjevo SRB"]
[Date "2012.09.19"]
[Round "3.5"]
[White "Benderac,A"]
[Black "Rakic,Ma"]
[Result "0-1"]
[WhiteElo "2266"]
[BlackElo "2300"]

1.d4 Nf6 2.Bg5 Ne4 3.Bf4 c5 4.f3 Qa5+ 5.c3 Nf6 6.Nd2 cxd4 7.Nb3 Qd8 8.cxd4 d5
9.e3 Nc6 10.Ne2 g6 11.Nc3 a6 12.Na4 Bg7 13.Rc1 O-O 14.Nbc5 Ne8 15.Qb3 e5
16.dxe5 b5 17.Nc3 Nc7 18.Be2 Bxe5 19.Bxe5 Nxe5 20.O-O Nc4 21.Bxc4 dxc4 22.Qa3 Qe7
23.N5e4 b4 24.Qa5 bxc3 25.Qxc3 f5 26.Qxc4+ Be6 27.Qc5 Nd5 28.Qxe7 Nxe7 29.Ng5 Bxa2
30.Rc7 h6  0-1

[Event "TCh-SRB Prem w 2012"]
[Site "Valjevo SRB"]
[Date "2012.09.24"]
[Round "8.2"]
[White "Benderac,A"]
[Black "Manakova,M"]
[Result "0-1"]
[WhiteElo "2266"]
[BlackElo "2304"]

1.d4 Nf6 2.Bg5 Ne4 3.Bf4 c5 4.f3 Nf6 5.d5 Qb6 6.Bc1 d6 7.e4 g6 8.Nd2 Bg7
9.Nc4 Qd8 10.a4 O-O 11.Bg5 b6 12.Qd2 Re8 13.Ra3 a6 14.Ne2 Nbd7 15.c3 Bb7
16.b4 Qc7 17.b5 axb5 18.axb5 Rxa3 19.Nxa3 e6 20.dxe6 fxe6 21.Nc4 d5 22.exd5 Nxd5
23.Kf2 Ra8 24.g3 Ne5 25.Nxe5 Qxe5 26.Bh3 Rf8 27.Bf4 Qf6 28.Bg2 Nxc3 29.Nxc3 Qxc3
30.Qxc3 Bxc3 31.Bc7 Bd4+ 32.Ke2 Ra8 33.Rd1 Bd5 34.Rd2 Bc4+  0-1

[Event "Baku Open 2012"]
[Site "Baku AZE"]
[Date "2012.09.25"]
[Round "3.21"]
[White "Zeynalov,F"]
[Black "Idani,P"]
[Result "0-1"]
[WhiteElo "2305"]
[BlackElo "2469"]

1.d4 Nf6 2.Bg5 Ne4 3.Bf4 d5 4.e3 c5 5.Bd3 cxd4 6.Bxe4 dxe4 7.exd4 g6 8.Nc3 Bg7
9.Nge2 Bf5 10.h3 O-O 11.Qd2 Nc6 12.Rd1 e5 13.Be3 Qa5 14.d5 Rfd8 15.O-O Be6
16.a3 Ne7 17.d6 Nf5 18.b4 Qa6 19.Nxe4 Qc6 20.f3 Nxe3 21.Qxe3 f5 22.Nc5 Bc4
23.Qd2 b6 24.Nb3 Bf8 25.Rfe1 Rxd6 26.Qc3 Rc8 27.Rxd6 Qxd6 28.Qe3 Bf7 29.Na1 Bg7
30.c3 e4 31.Nc2 Qd3 32.Ned4 Rxc3 33.Qf2 e3 34.Qh4 Rc8 35.Kh1 Rxc2 36.Nxc2 Qxc2
37.Qd8+ Bf8 38.Qd4 e2 39.Qe3 Bc4  0-1

[Event "1st Simon Bolivar Open 2012"]
[Site "San Cristobal VEN"]
[Date "2012.09.25"]
[Round "1.11"]
[White "Cordova,E"]
[Black "Tirado,H"]
[Result "1-0"]
[WhiteElo "2554"]
[BlackElo "2209"]

1.d4 Nf6 2.Bg5 Ne4 3.Bf4 d5 4.e3 e6 5.Bd3 f5 6.Bxe4 dxe4 7.Nc3 Bd6 8.Qh5+ g6
9.Qh6 Bxf4 10.Qxf4 Qd6 11.O-O-O Nd7 12.f3 Qxf4 13.exf4 exf3 14.Nxf3 c6 15.Rhe1 Nf6
16.Ng5 O-O 17.Nxe6 Bxe6 18.Rxe6 Rad8 19.h3 Rd7 20.Re5 Rfd8 21.Ne2 b6 22.Rd3 Kf7
23.a4 Ne4 24.b4 Rd5 25.Rxd5 cxd5 26.b5 Rc8 27.Kb2 Nf2 28.Rf3 Ne4 29.Kc1 Rc4
30.Ra3 Nd6 31.g3 h6 32.c3 g5 33.fxg5 hxg5 34.h4 Ne4 35.hxg5 Kg6 36.Nf4+ Kxg5
37.Nxd5 Nxg3 38.Kc2 f4 39.a5 f3 40.axb6 axb6 41.Ra8 f2 42.Rg8+ Kh4 43.Ne3 Ra4
44.Rg4+ Kh3 45.Rf4 Ra1 46.Rf6 Re1 47.Kd3 f1=Q+ 48.Nxf1 Nxf1 49.Rxb6 Re3+
50.Kc4 Kg4 51.Rc6 Nd2+ 52.Kd5 Re1 53.c4 Rb1 54.b6 Kf5 55.c5 Ne4 56.Rc8 Nf6+
57.Kc6 Ke6  1-0

[Event "Tatry Open 2012"]
[Site "Tatranske Zruby SVK"]
[Date "2012.09.25"]
[Round "4.62"]
[White "Hlinka,V"]
[Black "Mocary,M"]
[Result "1-0"]
[WhiteElo "2155"]
[BlackElo "1929"]

1.d4 Nf6 2.Bg5 Ne4 3.Bf4 d5 4.e3 g6 5.Bd3 Nf6 6.h3 Bg7 7.Nf3 O-O 8.O-O Nbd7
9.Nbd2 c5 10.c3 cxd4 11.exd4 Nb6 12.Re1 Bd7 13.Ne5 Rc8 14.Nxd7 Qxd7 15.Qb3 e6
16.a4 Nh5 17.Be3 Qc7 18.a5 Nc4 19.Bxc4 dxc4 20.Qc2 Nf4 21.Ra4 Nd5 22.Nxc4 b5
23.axb6 axb6 24.Na3 Nxe3 25.Rxe3 Rfd8 26.Qb3 Bf8 27.Nb5 Qf4 28.d5 Qf5 29.dxe6 Qb1+
30.Kh2 Rd1 31.e7 Rh1+ 32.Kg3 Qg1 33.e8=Q Qh2+ 34.Kf3 Rxe8 35.Rxe8 Rg1 36.Rg4 Kg7
37.Qc4 Rxg2 38.Qd4+  1-0

[Event "TCh-VIE 2012"]
[Site "Ho Chi Minh City VIE"]
[Date "2012.09.26"]
[Round "9.17"]
[White "Nguyen Dang Hong Phuc"]
[Black "Nguyen,Anh Khoi"]
[Result "1-0"]
[WhiteElo "1812"]
[BlackElo "1921"]

1.d4 Nf6 2.Bg5 Ne4 3.Bf4 c5 4.f3 Qa5+ 5.c3 Nf6 6.Nd2 cxd4 7.Nb3 Qb6 8.Qxd4 Nc6
9.Qxb6 axb6 10.a3 e5 11.Bg3 d5 12.Bf2 Be6 13.Rc1 d4 14.c4 Nd7 15.f4 Nc5 16.Nxc5 bxc5
17.fxe5 Nxe5 18.e3 d3 19.Nf3 Rd8 20.Nd2 Be7 21.h3 Bf6 22.b3 Nc6 23.a4 Nb4
24.Bg3 Bf5 25.Kf2 O-O 26.Bf4 Na2 27.Re1 Nc3 28.e4 Bg6 29.e5 Be7 30.g3 Rfe8
31.Bg2 Rd7 32.Bf3 h6 33.Bg4 Rdd8 34.Bf3 Rd7 35.Bg4 Rd4 36.Bf3 b6 37.Be3 Red8
38.Bf4 Bh7 39.e6 fxe6 40.Rxe6 Bf6 41.Rhe1  1-0

[Event "21st TCh-CRO 1b 2012"]
[Site "Sibenik CRO"]
[Date "2012.09.29"]
[Round "7.4"]
[White "Vavra,P1"]
[Black "Nikcevic,N"]
[Result "0-1"]
[WhiteElo "2376"]
[BlackElo "2432"]

1.d4 Nf6 2.Bg5 Ne4 3.Bf4 c5 4.f3 Nf6 5.d5 Nh5 6.Bg5 h6 7.Bh4 Qb6 8.e4 Qxb2
9.Nd2 g5 10.Bf2 d6 11.Rb1 Qf6 12.Bb5+ Nd7 13.g3 Qg6 14.Bxd7+ Kxd7 15.c3 Bg7
16.Qa4+ Kd8 17.Ne2 Nf6 18.Nc4 Nxe4 19.O-O Nxc3 20.Qa5+ b6 21.Nxb6 Nxe2+ 22.Kg2 Bc3
23.Qa4 axb6 24.Qxa8 Ba5 25.Qc6 Qf5 26.Rxb6 Qh3+  0-1

[Event "TCh-FIN SM 2012-13"]
[Site "Jyvaskyla FIN"]
[Date "2012.09.30"]
[Round "3.3"]
[White "Pohjala,H"]
[Black "Jouhki,Y"]
[Result "1/2-1/2"]
[WhiteElo "2306"]
[BlackElo "2276"]

1.d4 Nf6 2.Bg5 Ne4 3.Bf4 d6 4.f3 Nf6 5.e4 Nbd7 6.Ne2 e5 7.Bg5 Be7 8.Ng3 O-O
9.Nf5 d5 10.dxe5 Nxe5  1/2-1/2

[Event "Oslo GM Open 2012"]
[Site "Oslo NOR"]
[Date "2012.09.30"]
[Round "5.13"]
[White "Pohjala,H"]
[Black "Hansen,Erl"]
[Result "1-0"]
[WhiteElo "2306"]
[BlackElo "1861"]

1.d4 Nf6 2.Bg5 Ne4 3.Bf4 d5 4.e3 Bf5 5.Bd3 e6 6.Ne2 Be7 7.c4 Bg6 8.O-O O-O
9.Bxe4 Bxe4 10.Nbc3 Bg6 11.cxd5 exd5 12.Qb3 Bd3 13.Qxb7 Na6 14.Rfd1 Bc4 15.b3 Rb8
16.Qc6 Rb6 17.Qa4 Bxe2 18.Nxe2 Nb4 19.a3 Ra6 20.Qb5 Rb6 21.Qa5 Ra6 22.Qxc7 Qxc7
23.Bxc7 Nc2 24.Rac1 Nxa3 25.Nf4 Nb5 26.Nxd5 Ba3 27.Rc4 Nxc7 28.Rxc7 Rb8 29.b4  1-0

[Event "TCh-Central SRB 2012"]
[Site "Vrnjacka Banja SRB"]
[Date "2012.09.30"]
[Round "3.5"]
[White "Pavlovic,Dej"]
[Black "Pantelic,Sa"]
[Result "0-1"]
[WhiteElo "2406"]
[BlackElo "2328"]

1.d4 Nf6 2.Bg5 Ne4 3.Bf4 c5 4.f3 Nf6 5.d5 Qb6 6.Nc3 d6 7.e4 Nbd7 8.a4 a6
9.a5 Qc7 10.Qd2 b5 11.axb6 Qxb6 12.Na4 Qc7 13.Nh3 Nb6 14.Nf2 Nxa4 15.Rxa4 e5
16.Bg5 Be7 17.Be2 O-O 18.b3 h6 19.Be3 Nh7 20.O-O a5 21.Rfa1 Bd8 22.Qe1 f5
23.Bd2 Qf7 24.Bxa5 Bxa5 25.Rxa5 Rxa5 26.Rxa5 Nf6 27.Ba6 Bd7 28.Bf1 fxe4 29.Nxe4 Nxe4
30.fxe4 Qg6 31.Bd3 Qg5 32.Ra1 Rf4 33.Qg3 Rg4 34.Qf2 Rf4 35.Qg3 Rg4 36.Qf3 Rf4
37.Qe2 Bh3 38.Rf1 Bxg2 39.Qxg2 Rg4 40.Qxg4 Qxg4+ 41.Kh1 h5 42.Re1 Qf3+ 43.Kg1 h4
44.Re2 Kh7 45.Bb5 Kh6 46.Bc4 g5 47.Bd3 g4 48.Bc4 Kg5 49.Bd3 h3 50.Rf2 Qe3
51.Kf1 Qc1+ 52.Ke2 Qg1 53.Rf5+ Kg6 54.Rf2 g3 55.hxg3 h2  0-1

[Event "TCh-Central SRB 2012"]
[Site "Vrnjacka Banja SRB"]
[Date "2012.10.03"]
[Round "7.3"]
[White "Boskovic,D"]
[Black "Nestorovic,N"]
[Result "0-1"]
[WhiteElo "2431"]
[BlackElo "2430"]

1.d4 Nf6 2.Bg5 Ne4 3.Bf4 c5 4.d5 Qb6 5.Nd2 Nxd2 6.Bxd2 Qxb2 7.e4 Qb6 8.f4 e6
9.Bc3 Na6 10.Bc4 Be7 11.Rb1 Qc7 12.dxe6 dxe6 13.Bxg7 Rg8 14.Be5 Qa5+ 15.c3 Nb8
16.Qh5 Nc6 17.Qxh7 Rxg2 18.Bg7 Bf8 19.Bxf8 Qxc3+ 20.Kf1 Rc2 21.Bg7 Qxc4+
22.Ke1 Nb4  0-1

[Event "TCh-Central SRB 2012"]
[Site "Vrnjacka Banja SRB"]
[Date "2012.10.04"]
[Round "8.6"]
[White "Marcetic,N"]
[Black "Begus,D"]
[Result "1/2-1/2"]
[WhiteElo "2382"]
[BlackElo "2314"]

1.d4 Nf6 2.Bg5 Ne4 3.Bf4 d6 4.f3 Nf6 5.e4 Nbd7 6.Nc3 e5 7.Be3 Be7 8.Nge2 O-O
9.Qd2 c6 10.O-O-O b5 11.Ng3 exd4 12.Bxd4 b4 13.Nce2 c5 14.Nf5 cxd4 15.Qg5 g6
16.Nexd4 Ne5 17.f4 Bxf5 18.Nxf5 Nc6 19.Bb5 Nxe4 20.Qh6 gxf5 21.Bxc6 Bf6 22.Bxa8 Qxa8
23.Rhe1 Bg7 24.Qh5 Qc8 25.Qf3 Qc5 26.Qb3 Qf2 27.Qe3 Qxe3+ 28.Rxe3 Bh6 29.g3 Rc8
30.Rd5 Rc5 31.Red3 Bf8 32.Rxc5 Nxc5 33.Rd5 Kg7 34.Rxf5 f6 35.a3 a5 36.axb4 axb4
37.Rd5 Kf7 38.b3 Ke6 39.Rd4 d5 40.Kd1 Ne4 41.Ke2 Bc5 42.Rd3 Bg1 43.Kf3 Bxh2
44.g4 Bg1 45.Rd1 Bc5 46.Rh1 Bd4 47.Rxh7 Bc3 48.Ra7 Nc5 49.Ra5 Kd6 50.Ra8 d4
51.g5 fxg5 52.fxg5 d3 53.cxd3 Nxb3 54.g6 Nc5 55.Ke3 Ne6 56.Rb8 Ke5 57.Rb7 Kf6
58.d4 Bxd4+ 59.Kd3 Nc5+ 60.Kxd4 Nxb7  1/2-1/2

[Event "TCh-AUT 2 East 2012-13"]
[Site "Austria AUT"]
[Date "2012.10.06"]
[Round "1.1"]
[White "Vass,Frant2"]
[Black "Certek,P"]
[Result "1/2-1/2"]
[WhiteElo "2292"]
[BlackElo "2315"]

1.d4 Nf6 2.Bg5 Ne4 3.h4 Nxg5 4.hxg5 g6 5.e3 Bg7 6.Nf3 c5 7.c3 Qb6 8.Qc2 d5
9.Nbd2 Nc6 10.O-O-O cxd4 11.exd4 Bf5 12.Bd3 Bxd3 13.Qxd3 O-O-O 14.Rh4 h5
15.gxh6 Rxh6 16.Rxh6 Bxh6 17.Rh1 Bxd2+ 18.Qxd2 f6 19.Qd3 g5 20.Re1 Qc7 21.Qf5+ Qd7
22.Qxd7+ Kxd7 23.Rh1 Rc8 24.Kd2 b6 25.Rh7 a5 26.Nh2 a4 27.Ng4 Kd6 28.Ne3 e6
29.Rf7 f5 30.Rb7 Rb8  1/2-1/2

[Event "FSIM October 2012"]
[Site "Budapest HUN"]
[Date "2012.10.06"]
[Round "1.2"]
[White "Nguyen Huynh Minh Huy"]
[Black "Gajek,R"]
[Result "1-0"]
[WhiteElo "2438"]
[BlackElo "2208"]

1.d4 Nf6 2.Bg5 Ne4 3.Bf4 d5 4.Nd2 Nxd2 5.Qxd2 e6 6.Nf3 Bd6 7.e3 Nd7 8.Bd3 Qe7
9.Bg5 f6 10.Bh4 e5 11.dxe5 Nxe5 12.Nxe5 Bxe5 13.O-O-O Be6 14.Qa5 O-O 15.Bg3 c5
16.c3 b5 17.Qxb5 Rab8 18.Qa4 d4 19.f4 dxc3 20.fxe5 Rxb2 21.Qa3 Rxa2 22.Qxc3 c4
23.exf6 gxf6 24.Bd6 Qf7 25.Bb1 Re2 26.Bxf8 Qxf8 27.Rd2 Rxd2 28.Kxd2 Qd6+
29.Kc1 Qc5 30.Rd1 a5 31.Rd8+ Kf7 32.Qd4 Qa3+ 33.Kd1 Qb3+ 34.Bc2 Qb7 35.Rh8  1-0

[Event "TCh-Central SRB 2012"]
[Site "Vrnjacka Banja SRB"]
[Date "2012.10.06"]
[Round "10.5"]
[White "Manic,J"]
[Black "Begus,D"]
[Result "0-1"]
[WhiteElo "2259"]
[BlackElo "2314"]

1.d4 Nf6 2.Bg5 Ne4 3.h4 c5 4.dxc5 Qc7 5.Nd2 Nxc5 6.Ngf3 h6 7.Be3 e5 8.c4 Nc6
9.g3 e4 10.Nd4 Nxd4 11.Bxd4 Ne6 12.Be3 f5 13.Qb3 Be7 14.Bg2 O-O 15.Qb5 b6
16.Nb3 Bb7 17.Nd4 Nc5 18.Bf4 Bd6 19.Bxd6 Qxd6 20.Nc2 Bc6 21.Qb4 e3 22.Rd1 exf2+
23.Kxf2 Qe7 24.Bf3 Rae8 25.Qe1 f4 26.Kg2 Qxe2+  0-1

[Event "TCh-AUT 2 East 2012-13"]
[Site "Austria AUT"]
[Date "2012.10.07"]
[Round "2.5"]
[White "Buchnicek,P"]
[Black "Prager,Michael"]
[Result "1-0"]
[WhiteElo "2352"]
[BlackElo "1996"]

1.d4 Nf6 2.Bg5 Ne4 3.h4 c5 4.d5 Qb6 5.Nd2 Nxg5 6.hxg5 Qxb2 7.e4 g6 8.Bc4 d6
9.Rb1 Qc3 10.Rb3 Qa5 11.Qa1 Rg8 12.Rxh7 a6 13.Qb2 Qc7 14.a4 Qd7 15.Ngf3 Qg4
16.Rxb7 Bg7 17.Qxg7  1-0

[Event "US Chess League 2012"]
[Site "ICC INT"]
[Date "2012.10.09"]
[Round "6"]
[White "Kekelidze,M"]
[Black "Becerra Rivero,J"]
[Result "1/2-1/2"]
[WhiteElo "2488"]
[BlackElo "2555"]

1.d4 Nf6 2.Bg5 Ne4 3.Bf4 c5 4.f3 Qa5+ 5.c3 Nf6 6.Nd2 cxd4 7.Nb3 Qb6 8.Qxd4 Nc6
9.Qxb6 axb6 10.Nd4 e5 11.Nxc6 exf4 12.Nd4 d5 13.g3 Bd6 14.Nb5 Bb8 15.gxf4 Bxf4
16.e3 Bb8 17.Bh3 Be6 18.Nd4 Kd7 19.Nxe6 fxe6 20.Ne2 Ke7 21.a3 g6 22.Rd1 e5
23.O-O Ra4 24.Kg2 Rh4 25.Ng3 Rd8 26.Bf5 e4 27.fxe4 dxe4 28.Rxd8 Kxd8 29.Bxg6 Ng4
30.Rf8+ Kc7 31.Rf7+ Kd8 32.Rf8+ Kc7 33.Bxe4 Rxh2+ 34.Kg1 Rxb2 35.Nf5 b5 36.Rf7+ Kd8
37.Rf8+ Kc7 38.Rf7+ Kd8 39.Rxb7 Bh2+ 40.Kf1 Bc7 41.Nd4 Bg3 42.Nc2 Rxc2 43.Bxc2 Nxe3+
44.Ke2 Nxc2 45.Rxb5 Nxa3 46.Rd5+ Kc8 47.Kd3 h6 48.c4 Bf4 49.Ra5 Nb1 50.Rf5 Bg5
51.c5 Kc7 52.Ke4 Kc6 53.Rxg5 hxg5 54.Kf5 Kxc5 55.Kxg5  1/2-1/2

[Event "28th European Club Cup"]
[Site "Eilat ISR"]
[Date "2012.10.13"]
[Round "3.11"]
[White "Lindberg,Bo"]
[Black "Swinkels,R"]
[Result "1-0"]
[WhiteElo "2403"]
[BlackElo "2494"]

1.d4 Nf6 2.Bg5 Ne4 3.Bf4 c5 4.f3 Qa5+ 5.c3 Nf6 6.d5 e6 7.e4 exd5 8.e5 Nh5
9.Be3 d4 10.Bd2 Qd8 11.Qe2 d3 12.Qe3 Qh4+ 13.Qf2 Qe7 14.Qe3 Qh4+ 15.Qf2 Qe7
16.Qe3 f5 17.Na3 f4 18.Qe4 Qh4+ 19.g3 Nxg3 20.hxg3 Qxh1 21.Bxf4 Qxg1 22.Nb5 Nc6
23.O-O-O c4 24.Nd6+ Kd8 25.Nf7+ Kc7 26.e6+ d6 27.Qxc4 b5 28.Qxd3 Bxe6 29.Nxd6 Rd8
30.Nf7+ Bd6 31.Nxd6 Bxa2 32.Qxb5 Qb6 33.Nc4+  1-0

[Event "28th European Club Cup"]
[Site "Eilat ISR"]
[Date "2012.10.14"]
[Round "4.5"]
[White "Laznicka,V"]
[Black "Huzman,A"]
[Result "1/2-1/2"]
[WhiteElo "2678"]
[BlackElo "2591"]

1.d4 Nf6 2.Bg5 Ne4 3.Bf4 d5 4.e3 c5 5.Bd3 Nc6 6.Bxe4 dxe4 7.d5 e5 8.Bg3 Ne7
9.Nc3 f6 10.Qh5+ Ng6 11.O-O-O Qd7 12.Nxe4 Qf5 13.Qxf5 Bxf5 14.Nd2 b5 15.e4 Bd7
16.c4 h5 17.h4 Bd6 18.Ne2 Kf7 19.f3 Nf4 20.Nxf4 exf4 21.Bf2 g5 22.Kc2 g4
23.cxb5 Bxb5 24.b3 Rab8 25.Nc4 Bxc4 26.bxc4 Rb4 27.a3 Ra4 28.Kb3 Ra6 29.Ka2 Rg8
30.Rb1 gxf3 31.Rb7+ Ke8 32.gxf3 Rg2 33.Rf1 Be5 34.Kb3 Rb6+ 35.Rxb6 axb6 36.a4 Bd6
37.a5 bxa5 38.Ka4 Kd7 39.Kxa5 Rg8 40.Rg1 Ra8+ 41.Kb6 Rb8+ 42.Ka6 Ra8+ 43.Kb6 Rb8+
44.Ka6 Ra8+ 45.Kb6  1/2-1/2

[Event "22nd Metropolitan IM"]
[Site "Los Angeles USA"]
[Date "2012.10.14"]
[Round "9"]
[White "Duckworth,W"]
[Black "Casella,M"]
[Result "0-1"]
[WhiteElo "2281"]
[BlackElo "2235"]

1.d4 Nf6 2.Bg5 Ne4 3.Bf4 e5 4.dxe5 d5 5.Nd2 Qe7 6.Nxe4 dxe4 7.Qd4 Bf5 8.e3 g5
9.Bg3 Bg7 10.h4 g4 11.h5 O-O 12.h6 Bh8 13.Bh4 Qe6 14.Bf6 Nc6 15.Qc3 Bxf6
16.exf6 Rad8 17.Bc4 Qd6 18.Rh5 Bg6 19.Rd5 Qh2 20.O-O-O Rxd5 21.Bxd5 g3 22.fxg3 Bh5
23.Re1 Qxg2 24.Bxc6 bxc6 25.Qd2 Qxg3 26.Ne2 Qh4 27.Nf4 Bg6 28.Qc3 Qxh6 29.Qxc6 Qg5
30.Nd5 Bh5 31.Nf4 Qg3 32.Qc3 Bg4 33.b3 Rd8 34.Kb2 h5 35.Qxc7 Rc8 36.Qa5 Qh4
37.Nd5 Kh7 38.c4 Be6 39.Rf1 Qh2+ 40.Ka3 Qd6+ 41.Nb4 Rc5 42.Qxa7 Qe5 43.Na6 Rxc4
44.Qb6 Rc2 45.Qd4 Qa5+ 46.Qa4 Rxa2+  0-1

[Event "2nd Indonesia Open"]
[Site "Jakarta INA"]
[Date "2012.10.15"]
[Round "6.50"]
[White "Masruri,R"]
[Black "Dewi,A"]
[Result "1/2-1/2"]
[WhiteElo "2136"]
[BlackElo "2161"]

1.d4 Nf6 2.Bg5 Ne4 3.Bf4 d5 4.e3 c5 5.Bd3 Nf6 6.c3 Nc6 7.Nd2 c4 8.Bc2 Bg4
9.f3 Bh5 10.b3 cxb3 11.axb3 e6 12.Ne2 Bg6 13.e4 dxe4 14.fxe4 e5 15.dxe5 Ng4
16.Nc4 Bc5 17.Rf1 Qh4+ 18.Bg3 Qg5 19.Bf4 Qh4+ 20.Bg3 Qg5 21.Bf4 Qh4+ 22.Bg3 Qg5  1/2-1/2

[Event "2nd Indonesia Open"]
[Site "Jakarta INA"]
[Date "2012.10.16"]
[Round "8.14"]
[White "Megaranto,S"]
[Black "Lou Yiping"]
[Result "0-1"]
[WhiteElo "2532"]
[BlackElo "2444"]

1.d4 Nf6 2.Bg5 Ne4 3.Bf4 c5 4.f3 Qa5+ 5.c3 Nf6 6.Nd2 cxd4 7.Nb3 Qf5 8.Bxb8 Rxb8
9.Qxd4 b6 10.e4 Qf4 11.Nh3 Qc7 12.e5 Ng8 13.Nf2 f6 14.e6 b5 15.c4 b4 16.c5 dxe6
17.Bc4 e5 18.Qd3 e6 19.Ne4 Nh6 20.Rd1 Nf5 21.O-O Be7 22.Nd6+ Bxd6 23.cxd6 Qb6+
24.Kh1 Bd7 25.Rfe1 g5 26.Rd2 Kf8 27.Ba6 Rd8 28.Rc1 Ba4 29.Rc8 Rxc8 30.Bxc8 Bxb3
31.axb3 Nd4 32.d7 Ke7 33.Qc4 a5 34.Rd1 Nf5 35.Rc1 Ne3 36.Qd3 Nd5 37.Qc4 Qd4
38.Qa6 Rd8 39.Qxa5 Qxb2 40.Qc5+ Kf7 41.Rd1 Qc3 42.Qa5 Ke7 43.Qa2 f5 44.Qb1 h5
45.Rc1 Qd2 46.Qa1 Nc3 47.Rg1 g4 48.Qf1 Qe3 49.Qc4 Qd4 50.Qf1 Rh8 51.Qa6 Qd6
52.Qa7 e4 53.d8=Q+ Kxd8 54.Bxe6 Rf8 55.Qb7 Nd1 56.Re1 Nf2+ 57.Kg1 Nd3 58.Rf1 Qc5+  0-1